[Event "MEX ol U16"]
[Site "Mexico City"]
[Date "2001.??.??"]
[Round "?"]
[White "Ponce Cervantes, Euler"]
[Black "Guerrero Duran, Oscar"]
[Result "1-0"]
[WhiteElo "1466"]
[BlackElo "1532"]
[PlyCount "67"]
[EventDate "2001.??.??"]
[EventType "swiss"]
[EventRounds "6"]
[EventCountry "MEX"]
[SourceTitle "EXT 2004"]
[Source "ChessBase"]
[SourceDate "2003.11.25"]
[SourceVersion "1"]
[SourceVersionDate "2003.11.25"]
[SourceQuality "1"]

1. d4 d5 2. c4 c6 3. Nc3 Nf6 4. e3 Bf5 5. cxd5 Nxd5 6. Nf3 e6 7. Bd3 Bb4 8. Qc2 Bxd3 9. Qxd3 Nd7 10. 0-0 Bd6 11. e4 N5b6 12. Re1 0-0 13. Ng5 Be7 14. Qg3 Kh8 15. Nf3 Nf6 16. e5 Nfd5 17. a3 c5 18. dxc5 Bxc5 19. Ne4 Be7 20. Qh3 Rc8 21. Neg5 h6 22. Ne4 Rxc1 23. Rexc1 Nf4 24. Qg4 Ne2+ 25. Kf1 Nxc1 26. Rxc1 Qd3+ 27. Kg1 Rd8 28. h3 Rd4 29. Nxd4 Qxd4 30. Rc7 Qxe5 31. Rxe7 f5 32. Re8+ Kh7 33. Ng5+ Kg6 34. Nf3+ 1-0